[Event "15th Governor Cup 2019"]
[Site "Khanty-Mansiysk"]
[Date "2019.11.25"]
[Round "9.13"]
[White "Guseva, Marina"]
[Black "Semenova, Elena"]
[Result "1/2-1/2"]
[WhiteElo "2366"]
[BlackElo "2282"]
[Annotator "TA"]
[PlyCount "151"]
[EventDate "2019.11.19"]
[EventType "swiss"]
[EventCountry "RUS"]
[SourceTitle "playchess.com"]
[Source "ChessBase"]
[SourceQuality "1"]

{[%evp 9,151,20,24,24,18,23,21,15,28,-45,-40,-40,-19,-13,12,13,37,37,37,37,37,36,40,31,73,76,72,68,68,68,68,67,75,75,100,62,60,55,70,74,67,72,70,27,55,22,37,23,46,68,66,0,0,0,0,0,0,0,0,0,0,0,0,0,0,0,0,0,0,-12,0,-30,0,-12,0,-12,0,-12,-8,-18,0,0,0,0,0,0,0,0,0,0,0,0,0,0,0,0,0,0,0,0,0,0,0,0,0,0,0,0,0,0,0,0,0,0,0,0,0,0,0,0,0,0,0,0,0,0,0,0,0,0,0,0,0,0,0,0,0,0,0,0,0,0,0,-27994]} 1. d4 d5 2. c4 dxc4 3. e4 Nf6 4. e5 Nd5 5. Bxc4 Bf5 6. Qb3 {D20: Queen's Gambit Accepted: 3 e3 and 3 e4} (6. Ne2 e6 7. Nbc3 Nb6 8. Bb5+ Nc6 9. Ng3 Bg6 10. h4 h5 11. Nge2 Bf5 12. Ng3 Bg6 13. Nge2 Bf5 14. Ng3 Bg6 {½-½ (14) Mamedyarov,S (2764)-So,W (2776) Saint Louis 2019}) 6... c6 $1 7. Ne2 Qb6 8. Qf3 e6 9. Bxd5 $146 (9. O-O $11) ({Predecessor:} 9. a3 Nd7 10. Nbc3 Nxc3 11. bxc3 c5 12. O-O Be7 13. Bd5 {1-0 (45) Esipenko,A (2616)-Carow,J (2434) Karlsruhe 2019}) 9... cxd5 $15 10. Nbc3 Nc6 {Threatens to win with ...Nb4.} 11. Nxd5 exd5 12. Qxf5 Nxd4 13. Nxd4 {[#] aiming for Be3.} Bb4+ 14. Ke2 Qxd4 15. Rd1 Qc4+ 16. Qd3 Qg4+ 17. Kf1 {Hoping for Qb5+.} O-O 18. Qd4 Qh5 19. Bf4 Ba5 20. Qxd5 Rfd8 21. Qf3 Qf5 22. Bg3 Qxf3 23. gxf3 Bb6 24. f4 f6 25. Ke2 Kf7 26. Kf3 Ke6 27. exf6 gxf6 28. Re1+ Kf5 29. Re7 h5 30. Rae1 (30. a4 $14) 30... Rd3+ $11 31. Kg2 Rh8 32. h4 Rg8 33. Kh2 (33. Kf1 {looks sharper.} Kg4 34. b4 Kf3 35. a4 Rd2 36. Rc1) 33... Rd2 {[%mdl 64] [#] ...Rxg3! is the strong threat. Double Attack} 34. R1e2 Rxe2 35. Rxe2 {[%mdl 4096] Endgame KRB-KRB} Rd8 36. Kg2 Bc5 37. Rc2 b6 38. Kf3 a5 39. Ke2 Rd4 40. Rc3 Bb4 41. Rc2 {The position is equal.} Bc5 42. b3 a4 43. Rc3 axb3 44. axb3 Re4+ 45. Kf3 Rd4 46. Kg2 Re4 47. Rd3 Rd4 48. Rc3 Rd2 49. Kf3 Bb4 50. Rc8 Rd3+ 51. Kg2 Rxb3 52. Rh8 Bd6 53. Rxh5+ Ke6 54. Rh6 {And now f5+! would win.} Kf5 55. Rh5+ Ke6 56. f5+ Kd5 57. f4 Ke4 58. Rh8 Bxf4 59. Bxf4 Kxf4 {KR-KR} 60. h5 Rb2+ 61. Kh3 Rb3+ 62. Kg2 Rb2+ 63. Kh3 Kxf5 64. Rg8 Rb1 65. h6 Rh1+ 66. Kg2 Rxh6 $2 {[%mdl 8192]} (66... Rh4 $11) 67. Rb8 Rh4 $2 {[%mdl 8192]} (67... Rg6+ $11 68. Kf3 Rg7) 68. Rxb6 Rd4 $2 {[%mdl 8192]} (68... Rc4 $11) 69. Kf3 $2 {[%mdl 8192]} (69. Rb3 $11) 69... Rd3+ $2 {[%mdl 8192]} (69... Rf4+ $11 70. Ke2 Ra4) 70. Ke2 Ra3 $2 {[%mdl 8192]} (70... Rc3 $11) 71. Kf2 $2 {[%mdl 8192]} (71. Rc6 $11) 71... Kg5 $2 {[%mdl 8192]} (71... Ra2+ $11 72. Kf3 Ra3+ 73. Kf2 Kg5) 72. Rb4 $2 {[%mdl 8192]} (72. Rb5+ $11 Kg4 73. Rb4+ Kg5 74. Rb5+ f5 75. Rb8) 72... f5 73. Rc4 $2 {[%mdl 8192]} (73. Rb5 $11) 73... f4 74. Rc8 $2 {[%mdl 8192]} (74. Rc7 $11) 74... Ra2+ 75. Kf3 Ra3+ 76. Ke4 $2 {[%mdl 40960] Accuracy: White = 63%, Black = 67%. . An unexpected result.} (76. Kf2 $11) 1/2-1/2

[Event "15th Governor Cup 2019"]
[Site "Khanty-Mansiysk"]
[Date "2019.11.25"]
[Round "9.14"]
[White "Remizov, Yaroslav"]
[Black "Yakimova, Mariya"]
[Result "0-1"]
[WhiteElo "2394"]
[BlackElo "2276"]
[Annotator "TA"]
[PlyCount "70"]
[EventDate "2019.11.19"]
[EventType "swiss"]
[EventCountry "RUS"]
[SourceTitle "playchess.com"]
[Source "ChessBase"]
[SourceQuality "1"]

{[%evp 30,72,49,53,116,107,118,104,142,129,143,137,127,132,221,180,227,111,220,220,556,542,627,623,608,516,591,493,459,335,327,339,354,304,259,-8,-16,-10,-12,-15,0,-29989,-1541,-29990,-29991]} 1. e4 c5 2. Nf3 Nc6 3. d4 cxd4 4. Nxd4 Nf6 5. Nc3 e5 6. Ndb5 d6 7. Bg5 a6 8. Na3 b5 9. Bxf6 gxf6 10. Nd5 f5 11. Bd3 Be6 12. O-O Bg7 13. Qh5 f4 14. c4 b4 15. Nc2 a5 16. g3 fxg3 {B33: Sicilian: Pelikan and Sveshnikov Variations} (16... Ne7 $14) (16... Rb8 17. b3 Qd7 18. Be2 O-O 19. Rad1 f5 20. Bf3 Ne7 21. Nxe7+ Qxe7 22. g4 fxg4 23. Bxg4 Bf7 24. Qh3 Bg6 25. f3 Rf6 26. Kh1 Bf7 27. Rg1 Rh6 {½-½ (27) Poehr,A (2443)-Bauer,R (2482) ICCF email 2012}) 17. fxg3 $16 O-O 18. Nce3 Nd4 {White is better.} 19. Nf5 Bxf5 $146 ({Predecessor:} 19... Nxf5 20. exf5 Bxd5 21. f6 {1-0 (21) Kamali,M (1900)-Haast,M (1980) Hengelo 2005}) 20. exf5 f6 21. Rae1 Rf7 (21... Qd7 $16) 22. Re4 Bf8 23. Rfe1 (23. g4 $18 {and White stays clearly on top.}) 23... a4 {[#]} (23... Raa7 $16 {was necessary.} 24. Rxd4 exd4 25. Qg4+ Kh8) 24. Rg4+ $1 $18 (24. Nxb4 $6 Qb6 $16) 24... Rg7 $2 {[#]} (24... Bg7 {is tougher.}) 25. Rxd4 $1 exd4 {[#]} 26. Re8 $1 {[%cal Re8d8][%mdl 512]} Qa5 (26... Qxe8 27. Nxf6+) 27. Nxf6+ Kh8 28. Nd5 {f6 would kill now.} Rxe8 29. Qxe8 Rg8 {Now ...b3 and Black clings on.} 30. f6 {Intending Qf7 and mate.} b3 31. axb3 ({Worse is} 31. f7 bxa2 32. fxg8=Q+ (32. fxg8=R+ Kxg8 33. Nf6+ Kg7 $11) 32... Kxg8 $11) 31... Qd2 32. Bf1 $2 (32. f7 $18 Qxd3 33. fxg8=N Kxg8 34. Qe6+ (34. Qxa4 Qd1+ 35. Kg2 Qc2+ 36. Kh3 Qf5+ 37. Kh4 Qe4+ 38. Nf4 Be7+ 39. Kg4 h5+ 40. Kh3 Qf5+ 41. Kg2 Qe4+ 42. Kh3 Qf5+ 43. Kg2 Qe4+ 44. Kh3 $11) 34... Kg7 35. bxa4 Qxc4 36. Qd7+ Kh8 37. Qf7 Qc1+ 38. Qf1) 32... Bh6 $11 33. f7 {[%csl Ge8][%cal Rf7g8][%mdl 64] Pin} Rf8 34. bxa4 Kg7 {...Be3+ is the strong threat.} 35. Ne7 $2 {[%mdl 8192]} (35. Qe2 $11) 35... Be3+ 0-1

[Event "15th Governor Cup 2019"]
[Site "Khanty-Mansiysk"]
[Date "2019.11.25"]
[Round "9.15"]
[White "Zakaryan, David"]
[Black "Obgolts, Erik"]
[Result "1/2-1/2"]
[WhiteElo "2338"]
[BlackElo "2371"]
[Annotator "NA"]
[PlyCount "110"]
[EventDate "2019.11.19"]
[EventType "swiss"]
[EventCountry "RUS"]
[SourceTitle "playchess.com"]
[Source "ChessBase"]
[SourceQuality "1"]
[TimeControl "5400+30"]

1. e4 {[%emt 0:02:17]} g6 {[%emt 0:00:25]} 2. d4 {[%emt 0:05:35]} Bg7 {[%emt 0:00:13]} 3. c4 {[%emt 0:00:02]} d6 {[%emt 0:00:05]} 4. Nc3 {[%emt 0:00:07]} Nf6 {[%emt 0:00:06]} 5. Nf3 {[%emt 0:00:04]} O-O {[%emt 0:00:09]} 6. h3 {[%emt 0:00:01]} e5 {[%emt 0:01:37]} 7. d5 {[%emt 0:00:10]} Nh5 {[%emt 0:01:46]} 8. g3 {[%emt 0:00:01]} f5 {[%emt 0:00:11]} 9. exf5 {[%emt 0:00:01]} gxf5 {[%emt 0:00:06]} 10. Nh4 {[%emt 0:00:05]} Nf4 {[%emt 0:00:57]} 11. Qc2 {[%emt 0:01:56]} Na6 {[%emt 0:01:15]} 12. a3 {[%emt 0:00:07]} c6 {[%emt 0:03:47]} 13. Nf3 {[%emt 0:00:50]} Ng6 {[%emt 0:02:11]} 14. Bg5 {[%emt 0:00:02]} Qe8 {[%emt 0:04:56]} 15. O-O-O {[%emt 0:00:21]} cxd5 {[%emt 0:15:55]} 16. Rxd5 {[%emt 0:00:48]} e4 {[%emt 0:06:21]} 17. Nd4 {[%emt 0:02:07]} Nc7 {[%emt 0:05:44]} 18. Rxd6 {[%emt 0:00:12]} Bxd4 {[%emt 0:02:13]} 19. Rxd4 {[%emt 0:00:07]} Ne6 {[%emt 0:00:03]} 20. Be3 {[%emt 0:00:12]} Nxd4 {[%emt 0:00:03]} 21. Bxd4 {[%emt 0:00:03]} Be6 {[%emt 0:01:02]} 22. g4 {[%emt 0:02:01]} Rd8 {[%emt 0:13:05]} 23. Bxa7 {[%emt 0:02:02]} Qc6 {[%emt 0:05:08]} 24. Rg1 {[%emt 0:10:54]} Bxc4 {[%emt 0:06:53]} 25. gxf5 {[%emt 0:00:31]} Rxf5 {[%emt 0:00:32]} 26. Bxc4+ {[%emt 0:02:04]} Qxc4 {[%emt 0:00:06]} 27. Qxe4 {[%emt 0:00:22]} Qxe4 {[%emt 0:00:43]} 28. Nxe4 {[%emt 0:00:01]} Rf4 {[%emt 0:04:20]} 29. Nc3 {[%emt 0:01:12]} Kf7 {[%emt 0:01:10]} 30. Be3 {[%emt 0:00:52]} Rc4 {[%emt 0:00:16]} 31. Kc2 {[%emt 0:00:37]} Ne7 {[%emt 0:02:37]} 32. Kb3 {[%emt 0:07:11]} Rh4 {[%emt 0:01:30]} 33. Rg3 {[%emt 0:01:48]} h6 {[%emt 0:00:57]} 34. Rf3+ {[%emt 0:00:49]} Kg6 {[%emt 0:01:42]} 35. Ne2 {[%emt 0:00:48]} Nd5 {[%emt 0:00:41]} 36. Bc1 {[%emt 0:00:20]} Re8 {[%emt 0:00:53]} 37. Ng1 {[%emt 0:00:35]} Rd4 {[%emt 0:01:50]} 38. Rg3+ {[%emt 0:00:18]} Kh7 {[%emt 0:00:13]} 39. Nf3 {[%emt 0:00:20]} Rd1 {[%emt 0:00:10]} 40. Bd2 {[%emt 0:00:56]} Rf1 {[%emt 0:03:06]} 41. Kc4 {[%emt 0:00:48]} Nf6 {[%emt 0:01:38]} 42. Be3 {[%emt 0:02:40]} Nh5 {[%emt 0:01:21]} 43. Rg4 {[%emt 0:01:00]} Rxe3 {[%emt 0:00:26]} 44. fxe3 {[%emt 0:00:07]} Rxf3 {[%emt 0:00:03]} 45. Re4 {[%emt 0:01:00]} Rxh3 {[%emt 0:02:24]} 46. Re7+ {[%emt 0:00:07]} Kg6 {[%emt 0:00:02]} 47. a4 {[%emt 0:00:39]} Nf6 {[%emt 0:01:57]} 48. Rxb7 {[%emt 0:01:58]} Rxe3 {[%emt 0:00:26]} 49. a5 {[%emt 0:00:09]} Re1 {[%emt 0:03:26]} 50. Rb3 {[%emt 0:01:44]} h5 {[%emt 0:06:20]} 51. a6 {[%emt 0:10:11]} Ra1 {[%emt 0:01:04]} 52. Ra3 {[%emt 0:00:05]} Rxa3 {[%emt 0:00:59]} 53. bxa3 {[%emt 0:00:05]} Ne8 {[%emt 0:00:07]} 54. a7 {[%emt 0:00:07]} Nc7 {[%emt 0:00:03]} 55. Kc5 {[%emt 0:00:03]} h4 {[%emt 0:00:23]} 1/2-1/2

[Event "15th Governor Cup 2019"]
[Site "Khanty-Mansiysk"]
[Date "2019.11.25"]
[Round "9.16"]
[White "Skatchkov, Valery"]
[Black "Maltsevskaya, Aleksandra"]
[Result "1-0"]
[WhiteElo "2309"]
[BlackElo "2332"]
[Annotator "NA RC"]
[PlyCount "107"]
[EventDate "2019.11.19"]
[EventType "swiss"]
[EventCountry "RUS"]
[SourceTitle "playchess.com"]
[Source "ChessBase"]
[SourceQuality "1"]
[TimeControl "5400+30"]

1. c4 {[%emt 0:00:00]} Nf6 {[%emt 0:00:00]} 2. Nc3 {[%emt 0:00:00]} g6 {[%emt 0:00:05]} 3. Nf3 {[%emt 0:00:00]} Bg7 {[%emt 0:00:07]} 4. d4 {[%emt 0:00:01]} O-O {[%emt 0:00:10]} 5. g3 {[%emt 0:00:03]} d6 {[%emt 0:00:25]} 6. Bg2 {[%emt 0:00:04]} Nbd7 {[%emt 0:00:05]} 7. O-O {[%emt 0:00:05]} e5 {[%emt 0:00:08]} 8. e4 {[%emt 0:00:03]} a6 {[%emt 0:04:33]} 9. Qc2 {[%emt 0:03:51]} exd4 {[%emt 0:04:04]} 10. Nxd4 {[%emt 0:00:41]} Re8 {[%emt 0:00:45]} 11. Rd1 {[%emt 0:02:45]} Ne5 {[%emt 0:00:59]} 12. c5 {[%emt 0:01:31]} Bd7 {[%emt 0:04:49]} 13. f4 {[%emt 0:00:37]} Bg4 {[%emt 0:15:57]} 14. fxe5 {[%emt 0:00:16]} Bxd1 {[%emt 0:00:06]} 15. Qxd1 {[%emt 0:00:46]} Rxe5 {[%emt 0:01:42]} 16. cxd6 {[%emt 0:35:52]} cxd6 {[%emt 0:00:18]} 17. Bf4 {[%emt 0:01:07]} Re8 {[%emt 0:00:26]} 18. Nb3 {[%emt 0:09:22]} Qb6+ {[%emt 0:04:00]} 19. Kh1 {[%emt 0:00:20]} Re6 {[%emt 0:02:08]} 20. Qd4 {[%emt 0:07:03]} Qc7 {[%emt 0:05:37]} 21. Qd2 {[%emt 0:00:28]} Qb6 {[%emt 0:04:06]} 22. Qd4 {[%emt 0:07:12]} Qc7 {[%emt 0:00:09]} 23. Qd2 {[%emt 0:01:30]} Qb6 {[%emt 0:00:09]} 24. Rf1 {[%emt 0:03:23]} Rae8 {[%emt 0:01:28]} 25. Be3 {[%emt 0:03:37]} Qc7 {[%emt 0:00:45]} 26. Nd4 {[%emt 0:01:17]} Re5 {[%emt 0:02:10]} 27. Bf4 {[%emt 0:00:48]} Rh5 {[%emt 0:06:54]} 28. Bf3 {[%emt 0:02:19]} Rc5 {[%emt 0:02:39]} 29. Nb3 {[%emt 0:00:05]} Rc6 {[%emt 0:00:16]} 30. Bg5 {[%emt 0:00:36]} Re5 {[%emt 0:05:59]} 31. Qf4 {[%emt 0:05:26]} Ne8 {[%emt 0:24:10]} 32. Nd5 {[%emt 0:00:06]} Qd7 {[%emt 0:00:06]} 33. Bg4 {[%emt 0:00:10]} f5 {[%emt 0:00:10]} 34. exf5 {[%emt 0:00:04]} Qf7 {[%emt 0:00:25]} 35. Ne3 {[%emt 0:04:39]} Bf6 {[%emt 0:03:55]} 36. fxg6 {[%emt 0:00:50]} Qxg6 {[%emt 0:00:05]} 37. Bxf6 {[%emt 0:02:43]} Qxf6 {[%emt 0:04:43]} 38. Bf5 {[%emt 0:00:04]} Qe7 {[%emt 0:00:55]} 39. Nd4 {[%emt 0:04:23]} Ng7 {[%emt 0:02:53]} 40. Nxc6 {[%emt 0:00:46]} bxc6 {[%emt 0:00:04]} 41. Ng4 {[%emt 0:00:06]} Re1 {[%emt 0:00:50]} 42. Be6+ {[%emt 0:00:34]} Rxe6 {[%emt 0:00:54]} 43. Nh6+ {[%emt 0:00:03]} Rxh6 {[%emt 0:00:08]} 44. Qxh6 {[%emt 0:00:05]} Qe4+ {[%emt 0:01:03]} 45. Kg1 {[%emt 0:00:05]} Qd4+ {[%emt 0:00:06]} 46. Rf2 {[%emt 0:00:09]} Qd1+ {[%emt 0:00:05]} 47. Kg2 {[%emt 0:00:03]} Qd5+ {[%emt 0:00:06]} 48. Kh3 {[%emt 0:01:04]} Ne6 {[%emt 0:00:42]} 49. Qf6 {[%emt 0:00:09]} Qc4 {[%emt 0:01:38]} 50. Qf7+ {[%emt 0:00:13]} Kh8 {[%emt 0:00:05]} 51. Qe8+ {[%emt 0:00:06]} Kg7 {[%emt 0:00:07]} 52. Rf7+ {[%emt 0:00:18]} Kh6 {[%emt 0:00:11]} 53. Rf6+ {[%emt 0:00:08]} Kg5 {[%emt 0:00:06]} 54. Qxe6 {[%emt 0:00:03]} 1-0

[Event "15th Governor Cup 2019"]
[Site "Khanty-Mansiysk"]
[Date "2019.11.25"]
[Round "9.17"]
[White "Chekletsov, Ilya"]
[Black "Skvortsov, Andrey"]
[Result "1-0"]
[WhiteElo "2386"]
[BlackElo "2137"]
[Annotator "NA"]
[PlyCount "111"]
[EventDate "2019.11.19"]
[EventType "swiss"]
[EventCountry "RUS"]
[SourceTitle "playchess.com"]
[Source "ChessBase"]
[SourceQuality "1"]
[TimeControl "5400+30"]

1. d4 {[%emt 0:00:00]} d6 {[%emt 0:00:00]} 2. c4 {[%emt 0:00:00]} e5 {[%emt 0:00:00]} 3. Nc3 {[%emt 0:00:00]} exd4 {[%emt 0:00:00]} 4. Qxd4 {[%emt 0:00:00]} Nf6 {[%emt 0:00:02]} 5. b3 {[%emt 0:00:00]} Nc6 {[%emt 0:00:05]} 6. Qd2 {[%emt 0:00:03]} a5 {[%emt 0:02:26]} 7. Bb2 {[%emt 0:00:07]} a4 {[%emt 0:00:30]} 8. Rd1 {[%emt 0:09:28]} axb3 {[%emt 0:00:19]} 9. axb3 {[%emt 0:00:05]} Bf5 {[%emt 0:09:13]} 10. f3 {[%emt 0:00:21]} Be7 {[%emt 0:03:09]} 11. e4 {[%emt 0:00:10]} Be6 {[%emt 0:00:24]} 12. Bd3 {[%emt 0:19:18]} Nd7 {[%emt 0:01:01]} 13. Nd5 {[%emt 0:03:06]} O-O {[%emt 0:00:44]} 14. Ne2 {[%emt 0:03:06]} Nce5 {[%emt 0:02:48]} 15. Nxe7+ {[%emt 0:03:32]} Qxe7 {[%emt 0:00:07]} 16. Bc2 {[%emt 0:00:30]} Qh4+ {[%emt 0:01:25]} 17. Ng3 {[%emt 0:00:06]} Ra2 {[%emt 0:00:35]} 18. Bb1 {[%emt 0:00:11]} Ra6 {[%emt 0:00:57]} 19. O-O {[%emt 0:00:09]} Rb6 {[%emt 0:01:59]} 20. Qc3 {[%emt 0:04:22]} Nc5 {[%emt 0:02:15]} 21. Bc2 {[%emt 0:00:04]} f6 {[%emt 0:02:44]} 22. f4 {[%emt 0:01:37]} Nc6 {[%emt 0:00:52]} 23. Bc1 {[%emt 0:06:24]} Nb4 {[%emt 0:01:21]} 24. Bb1 {[%emt 0:10:38]} Nc6 {[%emt 0:02:29]} 25. Bc2 {[%emt 0:01:57]} Nb4 {[%emt 0:00:05]} 26. Be3 {[%emt 0:02:37]} Nxc2 {[%emt 0:02:50]} 27. Qxc2 {[%emt 0:00:03]} f5 {[%emt 0:02:13]} 28. exf5 {[%emt 0:01:31]} Bc8 {[%emt 0:00:31]} 29. Rb1 {[%emt 0:00:32]} Ra6 {[%emt 0:00:38]} 30. Bd4 {[%emt 0:01:56]} Ra8 {[%emt 0:03:52]} 31. Rbe1 {[%emt 0:01:31]} Bd7 {[%emt 0:00:44]} 32. b4 {[%emt 0:13:20]} Na6 {[%emt 0:00:19]} 33. f6 {[%emt 0:01:18]} gxf6 {[%emt 0:00:53]} 34. b5 {[%emt 0:00:03]} Nc5 {[%emt 0:01:47]} 35. Bxc5 {[%emt 0:00:23]} dxc5 {[%emt 0:00:08]} 36. Re7 {[%emt 0:00:02]} Rf7 {[%emt 0:01:39]} 37. Rxf7 {[%emt 0:00:26]} Kxf7 {[%emt 0:00:04]} 38. Qd3 {[%emt 0:00:26]} Be6 {[%emt 0:01:55]} 39. Re1 {[%emt 0:05:22]} b6 {[%emt 0:12:33]} 40. h3 {[%emt 0:07:26]} Re8 {[%emt 0:07:31]} 41. Rxe6 {[%emt 0:02:23]} Rxe6 {[%emt 0:00:03]} 42. Qd7+ {[%emt 0:00:02]} Kf8 {[%emt 0:00:09]} 43. Qxe6 {[%emt 0:00:05]} Qxg3 {[%emt 0:00:17]} 44. Qxf6+ {[%emt 0:00:04]} Ke8 {[%emt 0:00:23]} 45. Qh8+ {[%emt 0:00:18]} Kd7 {[%emt 0:00:28]} 46. Qxh7+ {[%emt 0:00:03]} Kd8 {[%emt 0:00:20]} 47. Qe4 {[%emt 0:00:07]} Kc8 {[%emt 0:01:48]} 48. f5 {[%emt 0:02:01]} Qg5 {[%emt 0:01:59]} 49. Kh2 {[%emt 0:00:09]} Kb8 {[%emt 0:00:09]} 50. h4 {[%emt 0:00:24]} Qf6 {[%emt 0:00:08]} 51. Qf4 {[%emt 0:00:10]} Kc8 {[%emt 0:00:19]} 52. Kh3 {[%emt 0:00:39]} Kb8 {[%emt 0:00:15]} 53. h5 {[%emt 0:00:38]} Kb7 {[%emt 0:00:16]} 54. h6 {[%emt 0:00:24]} Qf7 {[%emt 0:00:12]} 55. g4 {[%emt 0:00:45]} c6 {[%emt 0:00:09]} 56. bxc6+ {[%emt 0:00:10]} 1-0

[Event "15th Governor Cup 2019"]
[Site "Khanty-Mansiysk"]
[Date "2019.11.25"]
[Round "9.18"]
[White "Shafigullina, Zarina"]
[Black "Chinguun, Sumiya"]
[Result "0-1"]
[WhiteElo "2295"]
[BlackElo "2307"]
[Annotator "TA"]
[PlyCount "85"]
[EventDate "2019.11.19"]
[EventType "swiss"]
[EventCountry "RUS"]
[SourceTitle "playchess.com"]
[Source "ChessBase"]
[SourceQuality "1"]

{[%evp 25,85,84,79,71,83,77,70,78,80,0,0,0,14,-107,-99,-99,-106,-94,14,16,0,0,0,0,22,-39,-15,-14,-38,-11,-29,-45,-39,-42,-48,-154,-35,-27,-45,-158,-56,-252,-35,-91,0,-49,-23,-20,-9,-30,0,-195,-204,-375,-365,-411,-414,-418,-410,-453,-298,-221]} 1. Nf3 Nf6 2. g3 g6 3. Bg2 Bg7 4. O-O O-O 5. c4 d6 6. d4 Nbd7 7. Nc3 e5 8. e4 c6 9. b3 Re8 10. h3 exd4 11. Nxd4 Nc5 12. Re1 Nfd7 13. Be3 Ne5 14. Re2 {E68: King's Indian: Fianchetto: 6...Nbd7 7 0-0 e5 8 e4} a5 15. Rd2 a4 16. Rb1 {White is slightly better.} Qe7 17. Nde2 $146 (17. f4 $16) ({Predecessor:} 17. f4 axb3 18. axb3 Ned7 19. b4 Nxe4 20. Nxe4 d5 21. cxd5 cxd5 {1-0 (57) Visakh,N (2400)-Amonatov,F (2614) Mumbai 2016}) 17... axb3 $11 18. axb3 Ra3 19. Rxd6 (19. Qc2 $11 {remains equal.}) 19... Nxb3 $1 $17 20. c5 Be6 21. Nf4 Na5 (21... Bc4 $17) 22. Nxe6 $11 fxe6 23. Ne2 Nac4 {[%mdl 64] Double Attack} 24. Bc1 {f4 is the strong threat.} Ra5 ({Don't blunder} 24... Nxd6 $2 25. cxd6 (25. Bxa3 Nb5 $11) 25... Rd3 26. Qxd3 $18 (26. dxe7 $2 {too greedy.} Rxd1+ 27. Kh2 Rxe7 $19)) 25. Rd4 (25. f4 $11) 25... Rb5 26. Rb3 Qxc5 {White must now prevent ...Rxb3.} 27. Rc3 Rb1 28. Qc2 Rxc1+ 29. Qxc1 {[%cal Rc3c4]} b5 30. Kf1 (30. Rd2 $15) 30... Ng4 (30... Rf8 $1 $17 {aiming for ...Ng4!} 31. Kg1 Ng4 $1 {[%mdl 512]}) 31. e5 $1 $15 Ngxe5 32. Re4 {[#]} (32. Kg1 $15) 32... Rd8 $40 {[%mdl 128] Black has some attack.} ({Better is} 32... Rf8 $1 $17 {[%csl Gf8][%cal Rc5f2]} 33. f4 g5) 33. Nf4 $2 (33. Kg1 $1 $15) 33... Qd6 $2 (33... Rd2 $19 {[%csl Gd2][%cal Rc5f2]} 34. Re2 b4 35. Rxd2 Nxd2+ 36. Qxd2 bxc3) 34. Kg1 (34. Re1 $15) 34... Qd1+ (34... g5 $1 $17 {[%cal Rg5f4]} 35. Nh5 Qd1+ 36. Qxd1 Rxd1+ 37. Kh2 Ng4+ $1 {[%mdl 512]} 38. Rxg4 Bxc3 39. Rxg5+ Kf8 40. Bxc6 Ne5) 35. Kh2 (35. Re1 $5 {[%cal Re1d1]} Qd6 36. h4 $11) 35... Qxc1 36. Rxc1 Kf7 37. Rc2 Rd6 38. g4 $2 {[#]} (38. Ra2 $11 {and White stays safe.}) 38... Nd2 $1 $19 {[%cal Rd2e4]} 39. Re2 $2 (39. Rb4 {was worth a try.}) 39... Bh6 40. Kg3 Rd4 41. Nxe6 Kxe6 42. Rxc6+ Kd7 {( -> ...Bf4+)} 43. Rf6 {Accuracy: White = 25%, Black = 37%.} 0-1

[Event "15th Governor Cup 2019"]
[Site "Khanty-Mansiysk"]
[Date "2019.11.25"]
[Round "9.19"]
[White "Safin, Robert"]
[Black "Mironenko, Galina"]
[Result "1-0"]
[WhiteElo "2182"]
[BlackElo "2236"]
[Annotator "NA"]
[PlyCount "93"]
[EventDate "2019.11.19"]
[EventType "swiss"]
[EventCountry "RUS"]
[SourceTitle "playchess.com"]
[Source "ChessBase"]
[SourceQuality "1"]
[TimeControl "5400+30"]

1. d4 {[%emt 0:00:00]} Nf6 {[%emt 0:00:00]} 2. c4 {[%emt 0:00:00]} e6 {[%emt 0:00:00]} 3. g3 {[%emt 0:00:00]} d5 {[%emt 0:00:00]} 4. Nf3 {[%emt 0:00:00]} Bb4+ {[%emt 0:00:00]} 5. Bd2 {[%emt 0:00:00]} Be7 {[%emt 0:00:00]} 6. Bg2 {[%emt 0:00:00]} O-O {[%emt 0:00:00]} 7. Qc2 {[%emt 0:00:00]} Nbd7 {[%emt 0:00:21]} 8. O-O {[%emt 0:00:00]} c6 {[%emt 0:00:05]} 9. Rc1 {[%emt 0:00:06]} Ne4 {[%emt 0:04:17]} 10. Nc3 {[%emt 0:13:21]} Nxd2 {[%emt 0:05:51]} 11. Nxd2 {[%emt 0:00:07]} Nf6 {[%emt 0:03:18]} 12. Rd1 {[%emt 0:00:44]} Re8 {[%emt 0:08:29]} 13. e4 {[%emt 0:00:43]} dxe4 {[%emt 0:07:39]} 14. Ndxe4 {[%emt 0:00:07]} Qc7 {[%emt 0:11:34]} 15. Nxf6+ {[%emt 0:02:09]} Bxf6 {[%emt 0:00:09]} 16. Ne4 {[%emt 0:00:04]} Be7 {[%emt 0:03:19]} 17. Qc3 {[%emt 0:08:15]} f5 {[%emt 0:06:49]} 18. Nd2 {[%emt 0:03:36]} Bf6 {[%emt 0:00:22]} 19. Nf3 {[%emt 0:09:18]} c5 {[%emt 0:08:41]} 20. Qa3 {[%emt 0:04:32]} cxd4 {[%emt 0:04:15]} 21. Nxd4 {[%emt 0:00:15]} Bd7 {[%emt 0:04:46]} 22. Rac1 {[%emt 0:03:50]} Red8 {[%emt 0:07:32]} 23. c5 {[%emt 0:04:59]} Bxd4 {[%emt 0:02:44]} 24. Rxd4 {[%emt 0:00:09]} Bc6 {[%emt 0:03:28]} 25. Rcd1 {[%emt 0:06:33]} Bxg2 {[%emt 0:01:50]} 26. Kxg2 {[%emt 0:00:11]} Rxd4 {[%emt 0:02:36]} 27. Rxd4 {[%emt 0:00:05]} Rd8 {[%emt 0:01:53]} 28. Rxd8+ {[%emt 0:03:36]} Qxd8 {[%emt 0:00:05]} 29. Qxa7 {[%emt 0:00:04]} Qd5+ {[%emt 0:00:07]} 30. Kg1 {[%emt 0:05:56]} Qd1+ {[%emt 0:00:07]} 31. Kg2 {[%emt 0:00:05]} Qd5+ {[%emt 0:00:04]} 32. Kh3 {[%emt 0:05:30]} g5 {[%emt 0:03:56]} 33. Qb8+ {[%emt 0:01:15]} Kg7 {[%emt 0:00:39]} 34. Qd6 {[%emt 0:01:33]} Qc4 {[%emt 0:05:51]} 35. Qe5+ {[%emt 0:04:08]} Kf7 {[%emt 0:01:36]} 36. Kg2 {[%emt 0:00:09]} Qa6 {[%emt 0:04:19]} 37. Qc7+ {[%emt 0:01:36]} Kg6 {[%emt 0:00:40]} 38. h3 {[%emt 0:02:05]} h5 {[%emt 0:00:36]} 39. Qc8 {[%emt 0:00:26]} g4 {[%emt 0:00:51]} 40. hxg4 {[%emt 0:02:25]} hxg4 {[%emt 0:00:12]} 41. c6 {[%emt 0:03:21]} Qxa2 {[%emt 0:00:32]} 42. cxb7 {[%emt 0:00:08]} Qd5+ {[%emt 0:00:04]} 43. Kh2 {[%emt 0:00:06]} Qf3 {[%emt 0:00:17]} 44. Qxe6+ {[%emt 0:00:05]} Kh5 {[%emt 0:01:17]} 45. Qb6 {[%emt 0:00:10]} f4 {[%emt 0:00:13]} 46. b8=Q {[%emt 0:00:33]} fxg3+ {[%emt 0:00:07]} 47. Qxg3 {[%emt 0:00:05]} 1-0